00403nam a22001337a 4500008004100000020002200041040005500063080002200118100001800140245004500158260004100203300001300244650001200257230609b |||||||| |||| 00| 0 eng d a978-81-8052-188-1 aNational Science LibrarycNational Science Library a62+001.85:65 bP7 aKhurana, V K  aManagement of technology and innovation  aNew Delhi: bAne Books India, c2007 ax, 222p. aScience